5 Biggest Cities In Every Country A-M - Statistics

General Stats
  • This quiz has been taken 42 times
  • The average score is 141 of 496
Answer Stats
Country Cities % Correct
Algeria Algiers
97%
Afghanistan Kabul
94%
Australia Melbourne
94%
Australia Perth
94%
Australia Sydney
94%
Argentina Buenos Aires
92%
Albania Tirana
92%
Austria Vienna
92%
Azerbaijan Baku
89%
Belgium Brussels
89%
Belarus Minsk
89%
Chile Santiago
89%
Cuba Santiago de Cuba
89%
Australia Brisbane
86%
Bangladesh Dhaka
86%
Bolivia La Paz
86%
Angola Luanda
86%
Bahamas Nassau
86%
Brazil Rio de Janeiro
86%
Brazil São Paulo
86%
Australia Adelaide
83%
Andorra Andorra La Vella
81%
China Beijing
81%
Brazil Brasília
81%
Belgium Antwerp
78%
Colombia Bogotá
78%
Denmark Copenhagen
78%
Democratic Republic of Congo Kinshasa
78%
India Mumbai
78%
Canada Ottawa
78%
Liechtenstein Schaan
78%
China Shanghai
78%
Armenia Yerevan
78%
Greece Athens
75%
Germany Berlin
75%
Barbados Bridgetown
75%
Hungary Budapest
75%
Egypt Cairo
75%
India Delhi
75%
China Guangzhou
75%
Germany Hamburg
75%
Finland Helsinki
75%
Israel Jerusalem
75%
Bahrain Manama
75%
Italy Milan
75%
Canada Montreal
75%
Germany München
75%
Italy Naples
75%
Japan Osaka
75%
Czechia Prague
75%
Iceland Reykjavík
75%
Italy Rome
75%
Bosnia and Herzegovina Sarajevo
75%
Bulgaria Sofia
75%
Japan Tokyo
75%
Canada Toronto
75%
Ghana Accra
72%
Egypt Alexandria
72%
Belize Belmopan
72%
Belgium Ghent
72%
France Lyon
72%
France Marseille
72%
Colombia Medellín
72%
Cyprus Nicosia
72%
France Paris
72%
Ecuador Quito
72%
Latvia Riga
72%
Costa Rica San José
72%
El Salvador San Salvador
72%
Dominican Republic | Ecuador Santo Domingo
72%
Israel Tel Aviv
72%
Ethiopia Addis Ababa
69%
Jordan Amman
69%
Kazakhstan Astana
69%
Belize Belize City
69%
Republic of Congo Brazzaville
69%
Canada Edmonton
69%
Germany Frankfurt am Main
69%
Guatemala Guatemala City
69%
Cuba Havana
69%
Jamaica Kingston
69%
Luxembourg Luxembourg
69%
Kenya Nairobi
69%
Cambodia Phnom Penh
69%
Haiti Port-au-Prince
69%
Estonia Tallinn
69%
Georgia Tbilisi
69%
Croatia Zagreb
69%
India Bengaluru
67%
Guinea-Bissau Bissau
67%
Canada Calgary
67%
Djibouti Djibouti
67%
Botswana Gaborone
67%
Guyana Georgetown
67%
Malaysia Kuala Lumpur
67%
Kuwait Kuwait City
67%
Benin Porto-Novo
67%
Austria Salzburg
67%
Italy Turin
67%
Vatican City Vatican City
67%
Lithuania Vilnius
67%
Central African Republic Bangui
64%
Gabon Libreville
64%
Chad N'Djamena
64%
France Nice
64%
Fiji Suva
64%
Greece Thessaloniki
64%
Lebanon | Libya Tripoli
64%
Liechtenstein Vaduz
64%
Cameroon Yaoundé
64%
Madagascar Antananarivo
61%
Eritrea Asmara
61%
Lebanon Beirut
61%
Colombia Cali
61%
China Chengdu
61%
Austria Graz
61%
Liberia Monrovia
61%
Italy Palermo
61%
Cabo Verde Praia
61%
Antigua and Barbuda Saint John's
61%
Croatia Split
61%
Honduras Tegucigalpa
61%
Côte d'Ivoire Yamoussoukro
61%
Côte d'Ivoire Abidjan
58%
Kazakhstan Almaty
58%
Guinea Conakry
58%
Benin Cotonou
58%
India Hyderabad
58%
Belgium Liège
58%
Austria Linz
58%
Comoros Moroni
58%
Burkina Faso Ouagadougou
58%
Laos Vientiane
58%
India Ahmedabad
56%
Brunei Bandar Seri Begawan
56%
Gambia Banjul
56%
Kyrgyzstan Bishkek
56%
Bangladesh Chattogram
56%
Argentina Córdoba
56%
Ecuador Guayaquil
56%
Austria Innsbruck
56%
Malawi Lilongwe
56%
Lesotho Maseru
56%
Eswatini Mbabane
56%
Japan Nagoya
56%
Algeria Oran
56%
Argentina Rosario
56%
China Shenzhen
56%
Colombia Barranquilla
53%
Burundi Gitega
53%
Egypt Giza
53%
Equatorial Guinea Malabo
53%
Dominica Roseau
53%
Japan Sapporo
53%
Denmark Aarhus
50%
Belgium Charleroi
50%
Brazil Salvador
50%
Japan Yokohama
50%
Cameroon Douala
47%
Kenya Mombasa
47%
France Toulouse
47%
Bulgaria Varna
47%
Czechia Brno
44%
Brazil Fortaleza
44%
Bulgaria Plovdiv
44%
Grenada Saint George's
44%
Burundi Bujumbura
42%
Albania Durrës
42%
Greece Heraklion
42%
Germany Köln
42%
Egypt Port Said
42%
Libya Benghazi
39%
Colombia Cartagena
39%
Israel Haifa
39%
Lithuania Kaunas
39%
Jamaica Montego Bay
39%
Egypt Suez
39%
Hungary Debrecen
36%
Finland Espoo
36%
Afghanistan Kandahar
36%
Cyprus Limassol
36%
Greece Patras
36%
Finland Tampere
36%
Afghanistan Herat
33%
Ghana Kumasi
33%
Democratic Republic of Congo Lubumbashi
33%
Finland Oulu
33%
Cambodia Siem Reap
33%
Kiribati Tarawa
33%
Bhutan Thimphu
33%
Croatia Zadar
33%
Denmark Aalborg
31%
Czechia Ostrava
31%
Hungary Pécs
31%
Bosnia and Herzegovina Banja Luka
28%
Georgia Batumi
28%
Bulgaria Burgas
28%
Bolivia Cochabamba
28%
Cyprus Larnaca
28%
Denmark Odense
28%
Croatia Rijeka
28%
Algeria Constantine
25%
Latvia Daugavpils
25%
Czechia Plzeň
25%
Republic of Congo Pointe-Noire
25%
El Salvador San Miguel
25%
Estonia Tartu
25%
Equatorial Guinea Bata
22%
Angola Cabinda
22%
Cuba Camagüey
22%
Luxembourg Esch-sur-Alzette
22%
Estonia Narva
22%
Greece Piraeus
22%
Belize San Pedro
22%
Côte d'Ivoire San-Pédro
22%
Bolivia Santa Cruz de la Sierra
22%
Albania Shkodër
22%
Finland Vantaa
22%
Georgia Kutaisi
19%
Democratic Republic of Congo Mbuji-Mayi
19%
Croatia Osijek
19%
Honduras San Pedro Sula
19%
Iceland Akureyri
17%
Malawi Blantyre
17%
Ethiopia Dire Dawa
17%
Bahamas Freeport
17%
Armenia Gyumri
17%
Lithuania Klaipėda
17%
Argentina La Plata
17%
Afghanistan Mazar-i-Sharif
17%
Kyrgyzstan Osh
17%
Estonia Pärnu
17%
Kazakhstan Shymkent
17%
Lithuania Šiauliai
17%
Hungary Szeged
17%
Lebanon Tyre
17%
Albania Vlorë
17%
Czechia Liberec
14%
Bolivia El Alto
14%
Andorra Encamp
14%
Denmark Esbjerg
14%
Azerbaijan Ganja
14%
Afghanistan Jalalabad
14%
Kyrgyzstan Jalal-Abad
14%
Kazakhstan Karaganda
14%
Laos Luang Prabang
14%
Grenada Victoria
14%
Jordan Zarqa
14%
Bosnia and Herzegovina Zenica
14%
Kazakhstan Aktobe
11%
Ecuador Cuenca
11%
Albania Elbasan
11%
Georgia Gori
11%
Belarus Homyel
11%
Belarus Hrodna
11%
Estonia Kohtla-Järve
11%
Latvia Liepāja
11%
Argentina Mar del Plata
11%
Hungary Miskolc
11%
Cyprus Paphos
11%
Bhutan Paro
11%
Liechtenstein Triesen
11%
Bosnia and Herzegovina Tuzla
11%
Chile Viña del Mar
11%
Antigua and Barbuda All Saints
8%
Central African Republic Bimbo
8%
Burkina Faso Bobo-Dioulasso
8%
Cyprus Famagusta
8%
Botswana Francistown
8%
Cuba Holguín
8%
Angola Huambo
8%
Latvia Jelgava
8%
Latvia Jūrmala
8%
Democratic Republic of Congo Kisangani
8%
Costa Rica Limón
8%
Guatemala Mixco
8%
Bolivia Oruro
8%
Laos Pakse
8%
Jamaica Portmore
8%
Bulgaria Ruse
8%
Cuba Santa Clara
8%
Bahrain A'ali
6%
Liechtenstein Balzers
6%
Haiti Carrefour
6%
Luxembourg Differdange
6%
Luxembourg Dudelange
6%
Andorra Escaldes-Engordany
6%
Liechtenstein Eschen
6%
Jordan Irbid
6%
Guinea Kankan
6%
Bangladesh Khulna
6%
Iceland Kópavogur
6%
Andorra La Massana
6%
Guyana Linden
6%
Kiribati London
6%
Libya Misrata
6%
Guyana New Amsterdam
6%
Lithuania Panevėžys
6%
Guatemala Quetzaltenango
6%
Bahrain Riffa
6%
El Salvador Santa Ana
6%
Dominican Republic Santiago de los Caballeros
6%
Gambia Serekunda
6%
Lebanon Sidon
6%
Jamaica Spanish Town
6%
Azerbaijan Sumgait
6%
Armenia Vanadzor
6%
Guatemala Villa Nueva
6%
Lebanon Baalbek
3%
Bosnia and Herzegovina Bijeljina
3%
Algeria Blida
3%
Cabo Verde Espargos
3%
Luxembourg Ettelbruck
3%
Haiti Gonaïves
3%
Iceland Hafnarfjörður
3%
Kyrgyzstan Karakol
3%
Brunei Kuala Belait
3%
Belarus Mahilyow
3%
Chile Maipú
3%
Eswatini Manzini
3%
Botswana Maun
3%
Jamaica May Pen
3%
Ethiopia Mekelle
3%
Cabo Verde Mindelo
3%
Bahrain Muharraq
3%
Malawi Mzuzu
3%
Fiji Nadi
3%
Israel Petah Tikva
3%
Chile Puente Alto
3%
Iceland Reykjanesbær
3%
Georgia Rustavi
3%
Andorra Sant Julià de Lòria
3%
Laos Savannakhet
3%
Belarus Vitsyebsk
3%
Chad Abéché
0%
Benin Abomey
0%
Armenia Abovyan
0%
Kuwait Abū Ḩulayfah
0%
Equatorial Guinea Aconibe
0%
Ethiopia Adama
0%
Eritrea Agordat
0%
Costa Rica Alajuela
0%
Kuwait Al Aḩmadī
0%
Djibouti Ali Sabieh
0%
Kuwait Al Jahrā’
0%
Angola Andulo
0%
Equatorial Guinea Añisoc
0%
Algeria Annaba
0%
Guyana Anna Regina
0%
Madagascar Antsirabe
0%
Kuwait Ar Riqqah
0%
Djibouti Arta
0%
Ghana Ashaiman
0%
Cabo Verde Assomada
0%
Ethiopia Awassa
0%
Guinea-Bissau Bafatá
0%
Angola Bailundo
0%
Gambia Bakau
0%
Central African Republic Bambari
0%
Cameroon Bamenda
0%
Brunei Bangar
0%
Barbados Bathsheba
0%
Cambodia Battambang
0%
Libya Bayda
0%
Central African Republic Berbérati
0%
Kiribati Betio
0%
Eswatini Big Bend
0%
Kiribati Bikenibeu
0%
Guinea-Bissau Bissorã
0%
Antigua and Barbuda Bolans
0%
Côte d'Ivoire Bouaké
0%
Gambia Brikama
0%
Liberia Buchanan
0%
Guinea-Bissau Canchungo
0%
Central African Republic Carnot
0%
Honduras Choloma
0%
Costa Rica Cinco Esquinas
0%
Guatemala Cobán
0%
Bahamas Coopers Town
0%
Côte d'Ivoire Daloa
0%
Haiti Delmas
0%
Djibouti Dikhil
0%
Madagascar Fianarantsoa
0%
Benin Djougou
0%
Republic of Congo Dolisie
0%
Guinea Dubréka
0%
Equatorial Guinea Ebebiyín
0%
Kenya Eldoret
0%
Honduras El Progreso
0%
Comoros Fomboni
0%
Guinea-Bissau Gabú
0%
Liberia Ganta
0%
Cameroon Garoua
0%
Bangladesh Gazipur
0%
Liberia Gbarnga
0%
Bhutan Gelephu
0%
Grenada Gouyave
0%
Grenada Grenville
0%
Bahrain Hamad Town
0%
Barbados Holetown
0%
Republic of Congo Impfondo
0%
Malaysia Kajang
0%
Liberia Kakata
0%
Malawi Karonga
0%
Burkina Faso Kaya
0%
Chad Kélo
0%
Eritrea Keren
0%
Kenya Kisumu
0%
Malaysia Klang
0%
Burkina Faso Koudougou
0%
Cameroon Kousséri
0%
Kyrgyzstan Kyzyl-Kiya
0%
Fiji Labasa
0%
Honduras La Ceiba
0%
Chile La Florida
0%
Fiji Lautoka
0%
Dominican Republic La Victoria
0%
Antigua and Barbuda Liberta
0%
Ecuador Machala
0%
Lesotho Mafeteng
0%
Madagascar Mahajanga
0%
Eswatini Malkerns
0%
Gabon Mandji
0%
Comoros Mandza
0%
Guinea Manéah
0%
Lesotho Maputsoe
0%
Dominica Marigot
0%
Bahamas Marsh Harbour
0%
Democratic Republic of Congo Masina
0%
Gabon Masuku
0%
El Salvador Mejicanos
0%
Eritrea Mendefera
0%
Azerbaijan Mingachevir
0%
Botswana Mogoditshane
0%
Lesotho Mohale's Hoek
0%
Botswana Molepolole
0%
Chad Moundou
0%
Comoros Mutsamudu
0%
Burundi Muyinga
0%
Kenya Nakuru
0%
Bangladesh Narayanganj
0%
Fiji Nausori
0%
Burundi Ngozi
0%
Eswatini Nhlangano
0%
Republic of Congo Nkayi
0%
Guinea Nzérékoré
0%
Barbados Oistins
0%
Belize Orange Walk Town
0%
Burkina Faso Ouahigouya
0%
Comoros Ouani
0%
Gabon Owendo
0%
Gabon Oyem
0%
Benin Parakou
0%
Cabo Verde Pedra Padejo
0%
Malaysia Petaling Jaya
0%
Haiti Pétion-Ville
0%
Bhutan Phuntsholing
0%
Cambodia Poipet
0%
Dominica Portsmouth
0%
Antigua and Barbuda Potter's Village
0%
Guyana Princetown
0%
Dominican Republic Puerto Plata
0%
Israel Rishon LeZion
0%
Jordan Russeifa
0%
Burundi Ruyigi
0%
Jordan Sahab
0%
Grenada Saint David's
0%
Dominica Salisbury
0%
Bhutan Samdrup Jongkhar
0%
Costa Rica San Francisco
0%
Belize San Ignacio
0%
Dominican Republic Santo Domingo Este
0%
Chad Sarh
0%
Malaysia Seberang Perai
0%
Ghana Sekondi-Takoradi
0%
Cambodia Serei Saophoan
0%
Brunei Seria
0%
Dominica Soufrière
0%
El Salvador Soyapango
0%
Barbados Speightstown
0%
Gambia Sukuta
0%
Djibouti Tadjoura
0%
Ghana Tamale
0%
Kiribati Teaoraereke
0%
Eritrea Teseney
0%
Lesotho Teyateyaneng
0%
Madagascar Toamasina
0%
Brunei Tutong
0%
Armenia Vagharshapat
0%
Bahamas West End
0%
Laos Xam Neua
0%
Azerbaijan Xirdalan
0%
Libya Zawiya
0%
Malawi Zomba
0%
No matching quizzes found
Score Distribution
Percent of People with Each Score
Percentile by Number Answered
Your Score History
You have not taken this quiz